LEADER 01242nam0-2200373---450- 001 990008401210403321 005 20061025123422.0 010 $a88-8498-1468 035 $a000840121 035 $aFED01000840121 035 $a(Aleph)000840121FED01 035 $a000840121 100 $a20061016d2006----km-y0itay50------ba 101 0 $aeng 102 $aIT 105 $aa-------001yy 200 1 $aStudies in Italian history in the middle ages and the renaissance$fNicolai Rubinstein 205 $a3. rist. 210 $aRoma$cEdizioni di storia e letteratura$d2006 215 $aXXV, 405 p.$cill.$d24 cm 225 1 $aStoria e letteratura$v216 327 0 $a1.: Political thought and the language of politics. Art and politics / edited by Giovanni Ciappelli 610 0 $aStoria$aItalia$aMedioevo e rinascimento 676 $a945.01$v21$zita 676 $a945.02 700 1$aRubinstein,$bNicolai$f<1911-2002>$0174050 702 1$aCiappelli,$bGiovanni 801 0$aIT$bUNINA$c20061016$gRICA$2UNIMARC 901 $aBK 912 $a990008401210403321 952 $a945.01 RUB 1$bDip.f.m. 12997$fFLFBC 959 $aFLFBC 996 $aStudies in Italian history in the middle ages and the renaissance$9725602 997 $aUNINA LEADER 01974oam 2200469M 450 001 9910716407803321 005 20200213070606.5 035 $a(CKB)5470000002522072 035 $a(OCoLC)1065940488 035 $a(OCoLC)995470000002522072 035 $a(EXLCZ)995470000002522072 100 $a20071213d1927 ua 0 101 0 $aeng 135 $aurcn||||||||| 181 $ctxt$2rdacontent 182 $cc$2rdamedia 183 $acr$2rdacarrier 200 10$aAuthorizing the exchange for lands in private ownership in Gunnison County, Colo., certain public lands in Delta County, Colo. February 2, 1927. -- Committed to the Committee of the Whole House on the State of the Union and ordered to be printed 210 1$a[Washington, D.C.] :$c[U.S. Government Printing Office],$d1927. 215 $a1 online resource (1 page) 225 1 $aHouse report / 69th Congress, 2nd session. House ;$vno. 1942 225 1 $a[United States congressional serial set] ;$v[serial no. 8689] 300 $aBatch processed record: Metadata reviewed, not verified. Some fields updated by batch processes. 300 $aFDLP item number not assigned. 606 $aCoal 606 $aLand titles$xRegistration and transfer 606 $aMineral lands 606 $aPublic lands 608 $aLegislative materials.$2lcgft 615 0$aCoal. 615 0$aLand titles$xRegistration and transfer. 615 0$aMineral lands. 615 0$aPublic lands. 701 $aWinter$b Charles E$g(Charles Edwin),$f1870-1948$pRepublican (WY)$01387987 801 0$bWYU 801 1$bWYU 801 2$bOCLCO 801 2$bOCLCQ 906 $aBOOK 912 $a9910716407803321 996 $aAuthorizing the exchange for lands in private ownership in Gunnison County, Colo., certain public lands in Delta County, Colo. February 2, 1927. -- Committed to the Committee of the Whole House on the State of the Union and ordered to be printed$93438296 997 $aUNINA